00253nam a2200097Ia 4500100001500000654002000015245003800035260005200073082001800125546001200143 aIBM PC...  anetwork program aJBM PC local area network program bInternational business machines coaTexesc1987 a1.644044bIBM aENGLISH